[Event "OSEM 2019"]
[Site "Oberviechtach"]
[Date "2019.04.13"]
[Round "1.6"]
[White "Meyer, Volkmar"]
[Black "Paßler, Lukas"]
[Result "0-1"]
[WhiteElo "1130"]
[BlackElo "1501"]
[PlyCount "70"]
[EventDate "2019.??.??"]
[WhiteTeam "TSV Nittenau"]
[BlackTeam "DJK Amberg"]

1. e4 c5 2. Bc4 Nc6 3. Nc3 Nf6 4. Nf3 e6 5. d3 a6 6. a3 b5 7. Ba2 Bb7 8. Be3
Rc8 9. O-O Ne7 10. Re1 d5 11. exd5 Nexd5 12. Nxd5 Nxd5 13. Rc1 Nxe3 14. Rxe3
Bd6 15. Bxe6 fxe6 16. Rxe6+ Kf7 17. Re1 Qf6 18. Ne5+ Bxe5 19. Qh5+ Ke6 20. d4
cxd4 21. Qg4+ Kd6 22. Rcd1 Rxc2 23. f4 Rxg2+ 24. Qxg2 Bxg2 25. fxe5+ Qxe5 26.
Rxe5 Kxe5 27. Kxg2 Rf8 28. Rf1 Rxf1 29. Kxf1 Ke4 30. Ke2 g5 31. b3 g4 32. Kf2
Kd3 33. Ke1 Kc2 34. a4 d3 35. axb5 axb5 0-1

[Event "OSEM 2019"]
[Site "Oberviechtach"]
[Date "2019.04.13"]
[Round "1.7"]
[White "Strasser, Karl-Heinz"]
[Black "Blodig, Vincent"]
[Result "0-1"]
[WhiteElo "1476"]
[BlackElo "1124"]
[PlyCount "60"]
[EventDate "2019.??.??"]
[WhiteTeam "TSG Laaber"]
[BlackTeam "TV Riedenburg"]

1. e4 e5 2. Nf3 Nc6 3. Bb5 Bc5 4. d3 Nd4 5. Nxd4 Bxd4 6. c3 Bb6 7. d4 c6 8. Ba4
d6 9. O-O Ne7 10. dxe5 dxe5 11. Qxd8+ Bxd8 12. c4 Bg4 13. f3 Bb6+ 14. Kh1 Be6
15. Nd2 O-O 16. b3 Bd4 17. Rb1 f5 18. Bb2 Rad8 19. Bxd4 Rxd4 20. Rfd1 Rfd8 21.
exf5 Nxf5 22. g4 Ne3 23. Re1 Nxg4 24. fxg4 Rxd2 25. g5 Bf5 26. Ra1 Rf2 27. Rxe5
Rdd2 28. h4 Bd3 29. Re3 Rh2+ 30. Kg1 Rdg2# 0-1

[Event "OSEM 2019"]
[Site "Oberviechtach"]
[Date "2019.04.13"]
[Round "1.8"]
[White "Schickram, Paul"]
[Black "Limmer, Ewald"]
[Result "0-1"]
[WhiteElo "1050"]
[BlackElo "1466"]
[PlyCount "42"]
[EventDate "2019.??.??"]
[WhiteTeam "SK Schwandorf"]
[BlackTeam "FC Mintraching"]

1. e4 e5 2. Nf3 d6 3. d4 exd4 4. Nxd4 Nf6 5. Nc3 Be7 6. Be2 a6 7. Bg5 h6 8.
Bxf6 Bxf6 9. O-O O-O 10. Qd2 Bd7 11. Nb3 Nc6 12. Rad1 Be6 13. Nc1 Nd4 14. Rfe1
Nxe2+ 15. Rxe2 Be5 16. h3 Rc8 17. Nd3 Bf6 18. Ra1 Bc4 19. b3 Be6 20. Nd5 Bxd5
21. exd5 Bxa1 0-1

[Event "OSEM 2019"]
[Site "Oberviechtach"]
[Date "2019.04.13"]
[Round "1.9"]
[White "Hauer, Julian"]
[Black "Schwarzmeier, Christine"]
[Result "1-0"]
[WhiteElo "1438"]
[BlackElo "1045"]
[PlyCount "119"]
[EventDate "2019.??.??"]
[WhiteTeam "SC Sulzbach-Rosenberg"]
[BlackTeam "TV Riedenburg"]

1. e4 e5 2. Nf3 Nc6 3. Bc4 Nf6 4. d3 Be7 5. Nc3 d6 6. h3 O-O 7. Be3 Na5 8. Bb3
Nxb3 9. axb3 c5 10. O-O Be6 11. Ng5 Qd7 12. Nxe6 Qxe6 13. Ne2 d5 14. Ng3 dxe4
15. dxe4 Rfd8 16. Qf3 g6 17. Bh6 Bf8 18. Qe3 Bxh6 19. Qxh6 Kh8 20. Rad1 Ng8 21.
Rxd8 Rxd8 22. Qc1 b6 23. Rd1 Rxd1+ 24. Qxd1 c4 25. bxc4 Qxc4 26. Qe2 Qxe2 27.
Nxe2 Ne7 28. Nc3 f5 29. Nd5 Nc6 30. exf5 gxf5 31. c3 e4 32. Ne3 f4 33. Nd5 f3
34. Nf6 fxg2 35. Nxe4 Ne5 36. Kxg2 Nd3 37. b4 b5 38. Nc5 Nf4+ 39. Kh2 Nd5 40.
Ne4 Kg7 41. Kg3 h6 42. f4 Kg6 43. Kf3 h5 44. h4 a6 45. Nc5 Nxc3 46. Nxa6 Kf5
47. Nc7 Kf6 48. Ke3 Ke7 49. Kd3 Kd6 50. Kxc3 Kxc7 51. f5 Kd7 52. Kd4 Ke7 53.
Ke5 Kf7 54. f6 Ke8 55. Kf5 Kf7 56. Kg5 Kf8 57. Kxh5 Kg8 58. Kg6 Kh8 59. Kf7 Kh7
60. Ke7 1-0

[Event "OSEM 2019"]
[Site "Oberviechtach"]
[Date "2019.04.13"]
[Round "1.10"]
[White "Eckl, Stefan"]
[Black "Fischer, Manfred"]
[Result "0-1"]
[WhiteElo "799"]
[BlackElo "1431"]
[PlyCount "82"]
[EventDate "2019.??.??"]
[WhiteTeam "SV OVI"]
[BlackTeam "SC Bavaria Regensburg von 1881"]

1. e4 g6 2. d3 Bg7 3. Nf3 d6 4. Nbd2 Nf6 5. Be2 O-O 6. O-O c5 7. c3 Nc6 8. Nc4
b5 9. Ncd2 a6 10. d4 cxd4 11. cxd4 Nh5 12. Nb3 Bb7 13. Bd3 Rc8 14. Bd2 Qb6 15.
Be3 Nb4 16. Qd2 Nxd3 17. Qxd3 Nf6 18. Nfd2 Ng4 19. Rac1 e6 20. h3 Nxe3 21. Qxe3
a5 22. Nf3 a4 23. Nbd2 Ba6 24. b4 axb3 25. axb3 b4 26. Nc4 Bxc4 27. Rxc4 d5 28.
Rxc8 Rxc8 29. Rc1 Rxc1+ 30. Qxc1 Bxd4 31. Nxd4 Qxd4 32. exd5 Qxd5 33. Qc2 Qd4
34. Kf1 Qc3 35. Qa2 Kg7 36. g3 e5 37. Qe2 f6 38. Qe3 Qa1+ 39. Qe1 Qa5 40. Kg2
Qd5+ 41. f3 Qxb3 0-1

[Event "OSEM 2019"]
[Site "Oberviechtach"]
[Date "2019.04.13"]
[Round "2.1"]
[White "Zeitler, Jürgen"]
[Black "Margraf, Dieter"]
[Result "1-0"]
[WhiteElo "1596"]
[BlackElo "1528"]
[PlyCount "87"]
[EventDate "2019.??.??"]
[WhiteTeam "DJK Amberg"]
[BlackTeam "SC Sulzbach-Rosenberg"]

1. e4 d5 2. exd5 Nf6 3. d4 Nxd5 4. c4 Nf6 5. Nf3 e6 6. Nc3 c6 7. Bd3 Bd6 8. Bg5
Nbd7 9. O-O O-O 10. Ne4 Be7 11. Qc2 g6 12. Bh6 Re8 13. Rfe1 Nxe4 14. Bxe4 Nf6
15. Rad1 Qc7 16. h3 Bd7 17. Ne5 Nxe4 18. Qxe4 Bf6 19. Qf4 Bxe5 20. dxe5 f5 21.
Qh4 Rad8 22. Qf6 Bc8 23. Rd6 Rxd6 24. exd6 Qf7 25. Qd4 b6 26. Bd2 c5 27. Qe5
Qg7 28. Qxg7+ Kxg7 29. Bg5 Bd7 30. Be7 Kf7 31. f4 h5 32. Re3 a6 33. a3 b5 34.
cxb5 axb5 35. Re5 Rc8 36. Kf2 c4 37. a4 bxa4 38. Ra5 Rb8 39. Ra7 Rxb2+ 40. Kg3
Rb3+ 41. Kh2 Bc6 42. Bg5+ Rb7 43. Rxb7+ Bxb7 44. d7 1-0

[Event "OSEM 2019"]
[Site "Oberviechtach"]
[Date "2019.04.13"]
[Round "2.2"]
[White "Paßler, Lukas"]
[Black "Hofstetter, Markus"]
[Result "0-1"]
[WhiteElo "1501"]
[BlackElo "1396"]
[PlyCount "64"]
[EventDate "2019.??.??"]
[WhiteTeam "DJK Amberg"]
[BlackTeam "SV OVI"]

1. c4 e5 2. Nc3 Nf6 3. Nf3 Nc6 4. e3 Bb4 5. a3 Be7 6. d4 exd4 7. Nxd4 Nxd4 8.
Qxd4 O-O 9. Be2 d6 10. b4 Be6 11. Bf3 Rb8 12. Qxa7 Bxc4 13. Bxb7 d5 14. Bc6 Qd6
15. Ba4 Rfd8 16. Qd4 Nd7 17. Qd2 Bf6 18. Bb2 Nb6 19. Bb5 Bxc3 20. Qxc3 d4 21.
Qxd4 Qxd4 22. Bxd4 Bxb5 23. Rc1 c6 24. Kd2 Nc4+ 25. Kc3 Ra8 26. Kb3 Rxa3+ 27.
Kc2 Ba4+ 28. Kb1 Rb3+ 29. Ka2 Rxb4 30. Bc5 Ra8 31. Bxb4 Bc2+ 32. Ba3 Rxa3# 0-1

[Event "OSEM 2019"]
[Site "Oberviechtach"]
[Date "2019.04.13"]
[Round "2.3"]
[White "Limmer, Ewald"]
[Black "Mühlberger, Ottmar"]
[Result "1-0"]
[WhiteElo "1466"]
[BlackElo "1314"]
[PlyCount "115"]
[EventDate "2019.??.??"]
[WhiteTeam "FC Mintraching"]
[BlackTeam "SC Sulzbach-Rosenberg"]

1. e4 e5 2. Nf3 d6 3. d4 Nf6 4. Nc3 Be7 5. dxe5 dxe5 6. Qxd8+ Bxd8 7. Nxe5 O-O
8. Bd3 h6 9. Bd2 c6 10. a4 Bc7 11. Nf3 Nbd7 12. b4 Ne5 13. Nxe5 Bxe5 14. f3 a6
15. Ke2 Bd4 16. b5 axb5 17. axb5 Bd7 18. bxc6 bxc6 19. Bc4 c5 20. Rab1 Rab8 21.
Nd5 Nxd5 22. Bxd5 Ba4 23. c3 Be5 24. f4 Bc7 25. g3 Rfd8 26. c4 Kf8 27. Ra1 Bd7
28. Rab1 Rxb1 29. Rxb1 Rb8 30. Ra1 Bg4+ 31. Ke1 g5 32. fxg5 Be5 33. Ra8 Rxa8
34. Bxa8 hxg5 35. Bxg5 f6 36. Be3 Bc3+ 37. Kf2 Bb4 38. Bd5 Ke7 39. Bf4 f5 40.
e5 Bh5 41. Bg5+ Kd7 42. e6+ Kd6 43. Bf4+ Ke7 44. h4 Bc3 45. Bg5+ Kd6 46. e7 Bb4
47. Ke3 Bc3 48. Bf3 Bf7 49. h5 Kd7 50. g4 Bxc4 51. Bc6+ Kd6 52. e8=Q Bd4+ 53.
Kd2 Be6 54. gxf5 Bxf5 55. Bf4+ Be5 56. Qxe5+ Kxc6 57. Qxf5 c4 58. h6 1-0

[Event "OSEM 2019"]
[Site "Oberviechtach"]
[Date "2019.04.13"]
[Round "2.4"]
[White "Scheck, Arthur"]
[Black "Hauer, Julian"]
[Result "0-1"]
[WhiteElo "1312"]
[BlackElo "1438"]
[PlyCount "84"]
[EventDate "2019.??.??"]
[WhiteTeam "SK Weiden"]
[BlackTeam "SC Sulzbach-Rosenberg"]

1. d4 d5 2. Nf3 Nc6 3. h3 Bf5 4. Bd2 Nf6 5. e3 e6 6. Bb5 a6 7. Bxc6+ bxc6 8.
Ne5 c5 9. c3 cxd4 10. Qa4+ Nd7 11. cxd4 f6 12. Nc6 Nb6 13. Qb3 Qd7 14. Na5 Qa4
15. O-O Qxb3 16. Nxb3 Nc4 17. Bc3 Rb8 18. N1d2 Nxd2 19. Nxd2 c5 20. dxc5 Bxc5
21. a3 O-O 22. Rfc1 Rfc8 23. b4 Bd6 24. Nb3 Bd3 25. Bd4 e5 26. Bc5 Bxc5 27.
Nxc5 Bc4 28. f3 a5 29. Rab1 Ba2 30. Rb2 Bc4 31. e4 Rxc5 32. exd5 Rcc8 33. Rbc2
Ba6 34. Rxc8+ Rxc8 35. Rxc8+ Bxc8 36. Kf2 axb4 37. axb4 Bb7 38. Ke3 Bxd5 39.
Kd3 Kf7 40. b5 Ke7 41. Kc3 Kd6 42. Kb4 f5 0-1

[Event "OSEM 2019"]
[Site "Oberviechtach"]
[Date "2019.04.13"]
[Round "2.5"]
[White "Fischer, Manfred"]
[Black "Horeth, Marco"]
[Result "1/2-1/2"]
[WhiteElo "1431"]
[BlackElo "1354"]
[PlyCount "33"]
[EventDate "2019.??.??"]
[WhiteTeam "SC Bavaria Regensburg von 1881"]
[BlackTeam "FC Mintraching"]

1. c4 c6 2. Nc3 d5 3. cxd5 cxd5 4. d4 Nc6 5. Nf3 Bg4 6. Ne5 Nxe5 7. dxe5 d4 8.
Qa4+ Qd7 9. Qxd7+ Bxd7 10. Nd5 Rc8 11. e3 e6 12. Nf4 Rc2 13. Nd3 Bb5 14. a3 Nh6
15. h3 Nf5 16. Rb1 dxe3 17. g4 1/2-1/2

[Event "OSEM 2019"]
[Site "Oberviechtach"]
[Date "2019.04.13"]
[Round "2.6"]
[White "Blodig, Vincent"]
[Black "Voith, Walter"]
[Result "0-1"]
[WhiteElo "1124"]
[BlackElo "1460"]
[PlyCount "32"]
[EventDate "2019.??.??"]
[WhiteTeam "TV Riedenburg"]
[BlackTeam "SV OVI"]

1. e4 c5 2. Bc4 e6 3. Nc3 Nc6 4. d3 Nf6 5. Be3 a6 6. a4 Be7 7. Nge2 O-O 8. O-O
d5 9. exd5 exd5 10. Bb3 d4 11. Ne4 Nxe4 12. dxe4 dxe3 13. fxe3 Be6 14. c3 Qxd1
15. Raxd1 Bxb3 16. Rd7 Rab8 0-1

[Event "OSEM 2019"]
[Site "Oberviechtach"]
[Date "2019.04.13"]
[Round "2.8"]
[White "Eichinger, Bernd"]
[Black "Forster, Stephan"]
[Result "1/2-1/2"]
[WhiteElo "1411"]
[BlackElo "1591"]
[PlyCount "72"]
[EventDate "2019.??.??"]
[WhiteTeam "SK Schwandorf"]
[BlackTeam "DJK Amberg"]

1. d4 d5 2. c4 c6 3. Nc3 Nf6 4. Nf3 Bg4 5. Bg5 e6 6. e3 Nbd7 7. c5 a5 8. Bd3
Be7 9. O-O O-O 10. h3 Bh5 11. a3 h6 12. Bf4 Nh7 13. Qc2 Ng5 14. Nxg5 hxg5 15.
Bg3 f5 16. b4 axb4 17. axb4 f4 18. Bh2 e5 19. Bg6 Bxg6 20. Qxg6 exd4 21. exd4
Bf6 22. Qd3 Re8 23. Kh1 Qe7 24. Bg1 Qf7 25. f3 Nf8 26. Rfe1 Ne6 27. Ne2 g6 28.
Qc3 Kg7 29. Bf2 Nc7 30. Nc1 Rxe1+ 31. Bxe1 Rxa1 32. Qxa1 Nb5 33. Bf2 Qe7 34.
Kg1 Kh6 35. Kf1 Qg7 36. Nb3 Kh7 1/2-1/2

[Event "OSEM 2019"]
[Site "Oberviechtach"]
[Date "2019.04.13"]
[Round "2.9"]
[White "Blodig, Samuel"]
[Black "Fritsch, Nicolas"]
[Result "1-0"]
[WhiteElo "1337"]
[BlackElo "1153"]
[PlyCount "60"]
[EventDate "2019.??.??"]
[WhiteTeam "TV Riedenburg"]
[BlackTeam "DJK Amberg"]

1. e4 e5 2. Nf3 Nc6 3. Bc4 Bc5 4. O-O d6 5. c3 Nf6 6. d4 exd4 7. cxd4 Bb6 8.
Nc3 h6 9. Re1 O-O 10. Bf4 Bg4 11. d5 Bxf3 12. Qxf3 Nd4 13. Qd3 a6 14. Be3 c5
15. dxc6 Nxc6 16. Bxb6 Qxb6 17. b3 Rfd8 18. Rad1 Qc7 19. Nd5 Nxd5 20. Qxd5 b5
21. Be2 Ne7 22. Qd2 Qb6 23. Bf3 Rac8 24. Re3 Rc7 25. Rd3 Nc8 26. e5 Rc5 27.
exd6 f5 28. d7 Ne7 29. Re1 Kf8 30. Qe3 Qa5 1-0

[Event "OSEM 2019"]
[Site "Oberviechtach"]
[Date "2019.04.13"]
[Round "2.10"]
[White "Kammer, Fabian"]
[Black "Eckl, Stefan"]
[Result "1-0"]
[WhiteElo "1459"]
[BlackElo "799"]
[PlyCount "33"]
[EventDate "2019.??.??"]
[WhiteTeam "TSV Nittenau"]
[BlackTeam "SV OVI"]

1. e4 e5 2. Bc4 Nf6 3. d3 Bc5 4. Nc3 O-O 5. Nf3 d6 6. h3 Nc6 7. Bg5 h6 8. Bh4
a6 9. Nd5 Be6 10. Nxf6+ gxf6 11. Bb3 Bxb3 12. axb3 Nd4 13. Nxd4 Bxd4 14. c3 Ba7
15. Qh5 Kh7 16. Qf5+ Kh8 17. Bxf6+ 1-0

[Event "OSEM 2019"]
[Site "Oberviechtach"]
[Date "2019.04.14"]
[Round "4.1"]
[White "Zeitler, Jürgen"]
[Black "Limmer, Ewald"]
[Result "1/2-1/2"]
[WhiteElo "1596"]
[BlackElo "1466"]
[PlyCount "38"]
[EventDate "2019.??.??"]
[WhiteTeam "DJK Amberg"]
[BlackTeam "FC Mintraching"]

1. e4 e5 2. Nf3 d6 3. d4 exd4 4. Qxd4 h6 5. Nc3 Nc6 6. Bb5 Bd7 7. Bxc6 Bxc6 8.
O-O Nf6 9. Re1 Be7 10. e5 dxe5 11. Qxd8+ Rxd8 12. Nxe5 Rd6 13. Bf4 a6 14. Nxc6
Rxc6 15. Re2 Kf8 16. Rae1 Bd6 17. Nd5 Bxf4 18. Nxf4 g5 19. Nd3 Kg7 1/2-1/2

[Event "OSEM 2019"]
[Site "Oberviechtach"]
[Date "2019.04.14"]
[Round "4.2"]
[White "Blodig, Samuel"]
[Black "Voith, Walter"]
[Result "1/2-1/2"]
[WhiteElo "1337"]
[BlackElo "1460"]
[PlyCount "41"]
[EventDate "2019.??.??"]
[WhiteTeam "TV Riedenburg"]
[BlackTeam "SV OVI"]

1. e4 c5 2. Nc3 e6 3. f4 Nc6 4. Nf3 Qc7 5. d3 a6 6. g4 Nge7 7. Bg2 b5 8. Be3 d6
9. O-O Ng6 10. Qe1 Be7 11. h4 h5 12. g5 Bb7 13. Ne2 O-O-O 14. c3 Kb8 15. d4 c4
16. b3 d5 17. e5 Ba3 18. Bc1 Bxc1 19. Qxc1 Nge7 20. Bh3 Qb6 21. b4 1/2-1/2

[Event "OSEM 2019"]
[Site "Oberviechtach"]
[Date "2019.04.14"]
[Round "4.3"]
[White "Hofstetter, Markus"]
[Black "Horeth, Marco"]
[Result "1/2-1/2"]
[WhiteElo "1396"]
[BlackElo "1354"]
[PlyCount "40"]
[EventDate "2019.??.??"]
[WhiteTeam "SV OVI"]
[BlackTeam "FC Mintraching"]

1. e4 e5 2. Nf3 Nc6 3. Bb5 a6 4. Ba4 b5 5. Bb3 Bc5 6. O-O Bb7 7. d3 f6 8. Be3
Bxe3 9. fxe3 Na5 10. Nc3 Ne7 11. Bd5 c6 12. Bb3 Qb6 13. d4 d5 14. exd5 exd4 15.
exd4 c5 16. dxc5 Qxc5+ 17. Qd4 Nxb3 18. axb3 Qxd4+ 19. Nxd4 Bxd5 20. Rfe1 Kf7
1/2-1/2

[Event "OSEM 2019"]
[Site "Oberviechtach"]
[Date "2019.04.14"]
[Round "4.4"]
[White "Kammer, Fabian"]
[Black "Strasser, Karl-Heinz"]
[Result "0-1"]
[WhiteElo "1459"]
[BlackElo "1476"]
[PlyCount "102"]
[EventDate "2019.??.??"]
[WhiteTeam "TSV Nittenau"]
[BlackTeam "TSG Laaber"]

1. e4 c6 2. d4 d5 3. exd5 cxd5 4. Bd3 Nc6 5. c3 Qb6 6. h3 Nf6 7. Nd2 g6 8. Qb3
Qxb3 9. axb3 e5 10. dxe5 Nxe5 11. Bc2 Be6 12. Ndf3 Nc6 13. Ne2 Bg7 14. Be3 a6
15. Ned4 Bd7 16. O-O O-O 17. Nxc6 Bxc6 18. Nd4 Bd7 19. f4 Rfe8 20. Rae1 Re7 21.
f5 Rae8 22. Bf2 Ne4 23. Bh4 g5 24. Bxe4 gxh4 25. f6 Rxe4 26. Rxe4 Rxe4 27. fxg7
Kxg7 28. Nf5+ Bxf5 29. Rxf5 d4 30. Kf2 d3 31. Rd5 Re2+ 32. Kf1 Rxb2 33. b4 d2
34. Ke2 d1=Q+ 35. Kxd1 Rxg2 36. Rd7 Rg3 37. Rxb7 Rxh3 38. Kd2 Rg3 39. Re7 h3
40. Re1 Kg6 41. Kc2 h2 42. Rh1 Rg2+ 43. Kd3 Kg5 44. c4 Kg4 45. c5 Kg3 46. c6
Rg1 47. Rxh2 Kxh2 48. Kd4 Rc1 49. Kd5 f5 50. Kd6 f4 51. c7 f3 0-1

[Event "OSEM 2019"]
[Site "Oberviechtach"]
[Date "2019.04.14"]
[Round "4.5"]
[White "Fischer, Manfred"]
[Black "Klinkhammer, Christopher"]
[Result "1-0"]
[WhiteElo "1431"]
[BlackElo "1688"]
[PlyCount "69"]
[EventDate "2019.??.??"]
[WhiteTeam "SC Bavaria Regensburg von 1881"]
[BlackTeam "DJK Amberg"]

1. c4 c5 2. Nc3 Nc6 3. g3 g6 4. Bg2 Bg7 5. e4 e5 6. Nge2 Nge7 7. O-O O-O 8. h3
d6 9. Kh2 h6 10. a3 Be6 11. d3 Kh7 12. Rb1 f5 13. f4 Qd7 14. b4 Rf7 15. Nd5 Nd4
16. bxc5 Nxe2 17. Qxe2 dxc5 18. Nxe7 Rxe7 19. exf5 Bxf5 20. Rxb7 Qxb7 21. Bxb7
Rxb7 22. fxe5 Rd8 23. Rd1 Re7 24. Bf4 g5 25. g4 Bc8 26. Bg3 Rde8 27. Re1 a6 28.
Qe4+ Kh8 29. Qd5 Rd7 30. Qc6 Red8 31. Rd1 Bb7 32. Qxc5 Bf8 33. Qe3 Bxa3 34. d4
Bc5 35. e6 1-0

[Event "OSEM 2019"]
[Site "Oberviechtach"]
[Date "2019.04.14"]
[Round "4.6"]
[White "Paßler, Lukas"]
[Black "Hauer, Julian"]
[Result "1/2-1/2"]
[WhiteElo "1501"]
[BlackElo "1438"]
[PlyCount "45"]
[EventDate "2019.??.??"]
[WhiteTeam "DJK Amberg"]
[BlackTeam "SC Sulzbach-Rosenberg"]

1. c4 c5 2. Nc3 Nc6 3. Nf3 g6 4. g3 Bg7 5. Bg2 Nf6 6. O-O e6 7. d3 d5 8. cxd5
exd5 9. Qc2 O-O 10. a3 Rb8 11. Rb1 Be6 12. Ng5 Nd4 13. Qa4 a6 14. Nxe6 Nxe6 15.
b4 d4 16. Ne4 Nxe4 17. Bxe4 Re8 18. Bf3 Qd6 19. bxc5 Nxc5 20. Qa5 b6 21. Qb4 a5
22. Qc4 Rbc8 23. Qb5 1/2-1/2

[Event "OSEM 2019"]
[Site "Oberviechtach"]
[Date "2019.04.14"]
[Round "4.7"]
[White "Kutschera, Reinhardt"]
[Black "Mühlberger, Ottmar"]
[Result "0-1"]
[WhiteElo "1483"]
[BlackElo "1314"]
[PlyCount "140"]
[EventDate "2019.??.??"]
[WhiteTeam "DJK-Regensburg Nord"]
[BlackTeam "SC Sulzbach-Rosenberg"]

1. c4 e5 2. Nc3 Nf6 3. Nf3 d6 4. g3 Be7 5. Bg2 a6 6. Qa4+ Bd7 7. Qb3 Bc6 8. O-O
Nbd7 9. d3 Nc5 10. Qc2 Ne6 11. b4 O-O 12. a4 Bxf3 13. Bxf3 Nd4 14. Qd1 Nxf3+
15. exf3 c6 16. Bg5 Ne8 17. Bxe7 Qxe7 18. b5 Qc7 19. Qb3 cxb5 20. axb5 Nf6 21.
Ne4 Nd7 22. Nc3 Rfc8 23. Nd5 Qd8 24. bxa6 Nc5 25. Qb6 Rxa6 26. Rxa6 bxa6 27.
Qa7 Ra8 28. Qe7 Qxe7 29. Nxe7+ Kf8 30. Nf5 a5 31. Nxd6 Ke7 32. Nb5 Nxd3 33. Ra1
Rc8 34. Rxa5 Rxc4 35. Ra7+ Kf6 36. Ra6+ Kg5 37. Nd6 Rc1+ 38. Kg2 f6 39. Ne8
Ne1+ 40. Kh3 Kg6 41. Ra7 Nxf3 42. Rxg7+ Kf5 43. Rxh7 Ng5+ 44. Kh4 Nxh7 45. f3
Rc2 46. h3 Kg6 47. Nd6 Rf2 48. Kg4 Ng5 49. f4 exf4 50. h4 Ne6 51. h5+ Kh7 52.
Nf5 fxg3 53. Nxg3 Rf4+ 54. Kh3 Ra4 55. Kg2 Kh6 56. Kf3 Ng7 57. Ne4 Nxh5 58. Nf2
f5 59. Ke2 Ra2+ 60. Kf3 Rxf2+ 61. Kxf2 Kg5 62. Kf3 f4 63. Kf2 Kg4 64. Kg2 f3+
65. Kg1 Nf4 66. Kf2 Nd3+ 67. Kg1 Nf4 68. Kf2 Nh3+ 69. Kf1 Kg3 70. Ke1 Kg2 0-1

[Event "OSEM 2019"]
[Site "Oberviechtach"]
[Date "2019.04.14"]
[Round "4.8"]
[White "Fritsch, Nicolas"]
[Black "Forster, Stephan"]
[Result "0-1"]
[WhiteElo "1153"]
[BlackElo "1591"]
[PlyCount "108"]
[EventDate "2019.??.??"]
[WhiteTeam "DJK Amberg"]
[BlackTeam "DJK Amberg"]

1. c4 e5 2. Nc3 Nc6 3. g3 Nf6 4. Bg2 Bb4 5. d3 O-O 6. Bd2 d6 7. a3 Bxc3 8. Bxc3
a5 9. b4 axb4 10. axb4 Rxa1 11. Qxa1 Ne7 12. e4 Ng6 13. Ne2 h5 14. h3 Bd7 15.
O-O Qc8 16. Kh2 h4 17. g4 Nh7 18. f4 f6 19. f5 Ne7 20. Bd2 Be8 21. Qe1 Nc6 22.
Qxh4 Qd8 23. b5 Ne7 24. Ra1 c6 25. bxc6 Nxc6 26. Qf2 Ne7 27. Rb1 Bc6 28. d4 Qc7
29. d5 Bd7 30. Rb4 Ra8 31. Qb6 Qxb6 32. Rxb6 Ra7 33. Bb4 Nc8 34. Ba5 Rxa5 35.
Rxb7 Nf8 36. Rc7 Nb6 37. Bf1 Ra2 38. Kg3 Ra3+ 39. Kf2 Ra2 40. Kg3 Rc2 41. Ng1
Na4 42. Nf3 Nc5 43. Ne1 Rc3+ 44. Kh4 Rc1 45. Nd3 Rxf1 46. Nxc5 dxc5 47. Rxc5
Rf4 48. Rc7 Rxe4 49. c5 Bxf5 50. d6 g5+ 51. Kh5 Bd7 52. c6 Bxc6 53. Kh6 Ne6 54.
Kg6 Nxc7 0-1

[Event "OSEM 2019"]
[Site "Oberviechtach"]
[Date "2019.04.14"]
[Round "4.9"]
[White "Scheck, Arthur"]
[Black "Stöckl, Leonard"]
[Result "0-1"]
[WhiteElo "1312"]
[BlackElo "1273"]
[PlyCount "70"]
[EventDate "2019.??.??"]
[WhiteTeam "SK Weiden"]
[BlackTeam "SK Schwandorf"]

1. d4 d5 2. c4 e6 3. Nf3 c5 4. e3 Nf6 5. Bd3 Nc6 6. O-O Bd6 7. a3 b6 8. h3 O-O
9. Qc2 Re8 10. Ng5 g6 11. e4 Nxd4 12. Qd1 dxe4 13. Bxe4 Nxe4 14. Nxe4 Be5 15.
Ra2 Bb7 16. Nbd2 f5 17. Nc3 Bf4 18. Ne2 e5 19. Nxf4 exf4 20. Nb3 Qg5 21. f3 Re2
22. Rf2 Rxf2 23. Kxf2 Qg3+ 24. Kf1 Re8 25. Nxd4 cxd4 26. b4 Bxf3 27. gxf3 Qxh3+
28. Rg2 Qh1+ 29. Rg1 Qh4 30. Bd2 d3 31. Be1 Qh3+ 32. Rg2 Re2 33. Bf2 Qh1+ 34.
Rg1 Qxf3 35. Rg2 Rxf2+ 0-1

[Event "OSEM 2019"]
[Site "Oberviechtach"]
[Date "2019.04.14"]
[Round "4.11"]
[White "Blodig, Vincent"]
[Black "Margraf, Dieter"]
[Result "1-0"]
[WhiteElo "1124"]
[BlackElo "1528"]
[PlyCount "45"]
[EventDate "2019.??.??"]
[WhiteTeam "TV Riedenburg"]
[BlackTeam "SC Sulzbach-Rosenberg"]

1. e4 d5 2. exd5 Nf6 3. Bc4 Nbd7 4. Nc3 Nb6 5. Bb3 Nbxd5 6. Nxd5 Nxd5 7. Qf3 c6
8. Ne2 e6 9. d3 Bd6 10. O-O O-O 11. Be3 Qc7 12. Qh5 Nf6 13. Qh4 Be7 14. Qg3 Bd6
15. f4 e5 16. fxe5 Bxe5 17. Bf4 Re8 18. d4 Bxf4 19. Nxf4 Ne4 20. Rae1 Bd7 21.
Bxf7+ Kh8 22. Ng6+ hxg6 23. Qh4# 1-0

[Event "OSEM 2019"]
[Site "Oberviechtach"]
[Date "2019.04.14"]
[Round "4.12"]
[White "Zwack, Josef"]
[Black "Eckl, Stefan"]
[Result "1/2-1/2"]
[WhiteElo "1380"]
[BlackElo "799"]
[PlyCount "30"]
[EventDate "2019.??.??"]
[WhiteTeam "SV OVI"]
[BlackTeam "SV OVI"]

1. e4 e5 2. Nf3 Nc6 3. Bb5 a6 4. Ba4 Nf6 5. Nc3 Bd6 6. O-O O-O 7. a3 b5 8. Bb3
Bb7 9. d3 h6 10. Bd2 Bc5 11. h3 d6 12. Ne2 Ne7 13. Ng3 c6 14. Ba2 d5 15. b4 Ba7
1/2-1/2

[Event "OSEM 2019"]
[Site "Oberviechtach"]
[Date "2019.04.15"]
[Round "5.1"]
[White "Strasser, Karl-Heinz"]
[Black "Zeitler, Jürgen"]
[Result "0-1"]
[WhiteElo "1476"]
[BlackElo "1596"]
[PlyCount "46"]
[EventDate "2019.??.??"]
[WhiteTeam "TSG Laaber"]
[BlackTeam "DJK Amberg"]

1. c4 e5 2. Nc3 Nf6 3. Nf3 Nc6 4. e3 Bb4 5. g3 d6 6. Qb3 Bxc3 7. bxc3 b6 8. d4
O-O 9. Bg2 Rb8 10. O-O Na5 11. Qa3 Be6 12. Nd2 Nxc4 13. Qxa7 Nxd2 14. Bxd2 Bd5
15. Bxd5 Nxd5 16. Rfb1 Qd7 17. a3 Qh3 18. c4 Nf6 19. Qxc7 Ng4 20. Be1 exd4 21.
Qd7 dxe3 22. fxe3 Qxh2+ 23. Kf1 Nxe3# 0-1

[Event "OSEM 2019"]
[Site "Oberviechtach"]
[Date "2019.04.15"]
[Round "5.2"]
[White "Limmer, Ewald"]
[Black "Blodig, Samuel"]
[Result "1-0"]
[WhiteElo "1466"]
[BlackElo "1337"]
[PlyCount "59"]
[EventDate "2019.??.??"]
[WhiteTeam "FC Mintraching"]
[BlackTeam "TV Riedenburg"]

1. e4 e5 2. Nf3 Nc6 3. Nc3 Nf6 4. Bb5 Bb4 5. O-O d6 6. d3 O-O 7. Bg5 Be6 8. Nd5
Bxd5 9. exd5 Nb8 10. c4 Bc5 11. Ba4 Kh8 12. h3 Rg8 13. Re1 h6 14. Bd2 Nbd7 15.
Bc3 Nh7 16. b4 Bd4 17. Nxd4 exd4 18. Bxd4 Re8 19. Qg4 Rxe1+ 20. Rxe1 Nhf6 21.
Qh4 Kh7 22. f4 Qh8 23. Bxd7 Nxd7 24. Qe7 Nf6 25. Qxf7 Re8 26. Re7 Rxe7 27. Qxe7
Kg6 28. g4 h5 29. g5 Qe8 30. Bxf6 1-0

[Event "OSEM 2019"]
[Site "Oberviechtach"]
[Date "2019.04.15"]
[Round "5.3"]
[White "Mühlberger, Ottmar"]
[Black "Fischer, Manfred"]
[Result "1-0"]
[WhiteElo "1314"]
[BlackElo "1431"]
[PlyCount "45"]
[EventDate "2019.??.??"]
[WhiteTeam "SC Sulzbach-Rosenberg"]
[BlackTeam "SC Bavaria Regensburg von 1881"]

1. e4 g6 2. Nf3 Bg7 3. Bc4 e6 4. d4 d6 5. O-O Nf6 6. e5 Nfd7 7. Bf4 Nc6 8. c3
dxe5 9. dxe5 O-O 10. Qe2 Nb6 11. Bb3 Ne7 12. Nbd2 Nbd5 13. Bxd5 Nxd5 14. Bg3
Bd7 15. c4 Ne7 16. Bh4 Bc6 17. Rfd1 Qe8 18. Bf6 b5 19. cxb5 Bxb5 20. Qe4 Bc6
21. Qc4 Nd5 22. Qh4 h6 23. Ne4 1-0

[Event "OSEM 2019"]
[Site "Oberviechtach"]
[Date "2019.04.15"]
[Round "5.4"]
[White "Voith, Walter"]
[Black "Hofstetter, Markus"]
[Result "1/2-1/2"]
[WhiteElo "1460"]
[BlackElo "1396"]
[PlyCount "115"]
[EventDate "2019.??.??"]
[WhiteTeam "SV OVI"]
[BlackTeam "SV OVI"]

1. Nf3 d5 2. g3 Nf6 3. Bg2 Bg4 4. h3 Bh5 5. O-O e6 6. d3 Be7 7. Nbd2 O-O 8. e4
dxe4 9. dxe4 Nc6 10. c3 Ne5 11. Qc2 Nxf3+ 12. Nxf3 Bg6 13. Ne5 c6 14. Be3 Qc7
15. Nxg6 hxg6 16. Bf4 e5 17. Be3 c5 18. c4 b6 19. Rfd1 Rad8 20. g4 Nh7 21. Rd5
Nf6 22. Rxd8 Rxd8 23. Rd1 Nd7 24. Rd3 Nb8 25. Rd5 Nc6 26. Qd2 Nb4 27. Rxd8+
Qxd8 28. Qxd8+ Bxd8 29. a3 Nc6 30. f4 Bc7 31. f5 gxf5 32. exf5 Nd4 33. Kf2 f6
34. Bd5+ Kf8 35. h4 Ke7 36. Bc1 Nb3 37. Be3 Nd4 38. h5 Bd6 39. h6 gxh6 40. Bxh6
b5 41. cxb5 Nxb5 42. Ke3 Kd7 43. Ke4 Be7 44. Bc4 Nd6+ 45. Kd5 Nxc4 46. Kxc4 Kc6
47. Be3 a6 48. b3 Bd6 49. g5 fxg5 50. Bxg5 Bf8 51. Be3 e4 52. b4 cxb4 53. axb4
Bg7 54. Bg5 Kd6 55. f6 Bf8 56. b5 axb5+ 57. Kxb5 Ke6 58. Kc4 1/2-1/2